[Event "Vrbas"]
[Site "Vrbas"]
[Date "1977.??.??"]
[Round "3"]
[White "Uhlmann, Wolfgang"]
[Black "Andersson, Ulf"]
[Result "1-0"]
[WhiteElo "2555"]
[BlackElo "2565"]

1.c4 g6 2.e4 c5 3.Nf3 d6 4.d4 Bg7 5.Nc3 Nf6 6.d5 O-O 7.Be2 e6 8.dxe6 Bxe6
9.Bf4 Qb6 10.Qb3 Rd8 11.Qxb6 axb6 12.O-O Nc6 13.Rfd1 Ne8 14.Bd2 Ra6 15.b3 Nd4
16.Nxd4 Bxd4 17.a4 Nf6 18.Ra2 Bxc3 19.Bxc3 Nxe4 20.Ba1 h6 21.f3 Ng5 22.Rad2 Kf8
23.Be5 Ke8 24.h4 Nh7 25.Bxd6 Rd7 26.Bf4 h5 27.Rxd7 Bxd7 28.Bc7 Nf8 29.g4 Ne6
30.Be5 Ra8 31.gxh5 gxh5 32.f4 Bc6 33.Bxh5 Ke7 34.Kf2 Rg8 35.f5 Nd4 36.Bxd4 cxd4
37.Rxd4 Rg2+ 38.Kf1 Rh2 39.Kg1 Rb2 40.Rd3 Kf6  1-0

[Event "Vrbas"]
[Site "Vrbas"]
[Date "1977.??.??"]
[Round "5"]
[White "Sax, Gyula"]
[Black "Andersson, Ulf"]
[Result "1/2-1/2"]
[WhiteElo "2565"]
[BlackElo "2565"]

1.e4 c6 2.c4 d5 3.exd5 cxd5 4.cxd5 Nf6 5.Nc3 Nxd5 6.Bc4 Nxc3 7.Qf3 e6 8.dxc3 Be7
9.Bb5+ Nd7 10.Bf4 Qb6 11.Qe2 O-O 12.Nf3 Nf6 13.O-O Bd7 14.Bd3 Rfd8 15.Ne5 Be8
16.Rfd1 a6  1/2-1/2

[Event "Vrbas"]
[Site "Vrbas"]
[Date "1977.??.??"]
[Round "7"]
[White "Andersson, Ulf"]
[Black "Matulovic, Milan"]
[Result "1/2-1/2"]
[WhiteElo "2565"]
[BlackElo "2510"]

1.c4 g6 2.Nc3 Bg7 3.g3 c5 4.Bg2 Nc6 5.e3 e6 6.Nge2 Nge7 7.d4 cxd4 8.Nxd4 d5
9.cxd5 Nxd5 10.Nxd5 exd5 11.Qa4 Bd7 12.Qa3 Nxd4 13.exd4 Qe7+ 14.Qxe7+ Kxe7
15.Bxd5 Bxd4 16.O-O Be6 17.Re1 Rhd8 18.Bxe6 fxe6 19.Re2 Rd5 20.h4 Rc8 21.Bg5+ Bf6
22.Rae1 Rc6 23.Bxf6+ Kxf6 24.Kg2 h5 25.Re3 Rd2 26.R1e2 Rxe2 27.Rxe2  1/2-1/2

[Event "Vrbas"]
[Site "Vrbas"]
[Date "1977.??.??"]
[Round "8"]
[White "Smejkal, Jan"]
[Black "Andersson, Ulf"]
[Result "1/2-1/2"]
[WhiteElo "2575"]
[BlackElo "2565"]

1.d4 Nf6 2.Nf3 e6 3.c4 b6 4.Bg5 h6 5.Bh4 Bb7 6.Nc3 Bb4 7.e3 g5 8.Bg3 Ne4
9.Qc2 Bxc3+ 10.bxc3 d6 11.Bd3 Nxg3 12.hxg3 Nd7 13.a4 a5 14.Be4 Bxe4 15.Qxe4 Nf6
16.Qd3 Ke7 17.e4 Qg8 18.c5 Qg6  1/2-1/2

[Event "Vrbas"]
[Site "Vrbas"]
[Date "1977.??.??"]
[Round "9"]
[White "Andersson, Ulf"]
[Black "Govedarica, Radovan"]
[Result "1-0"]
[WhiteElo "2565"]
[BlackElo "2440"]

1.Nf3 Nf6 2.g3 d5 3.Bg2 e6 4.O-O Nbd7 5.b3 a5 6.a3 b6 7.Bb2 Bb7 8.c4 dxc4
9.bxc4 Be7 10.Qc2 O-O 11.Nc3 Rb8 12.Rfd1 c6 13.Rab1 Qc7 14.Ne4 e5 15.Nxf6+ Bxf6
16.d4 exd4 17.Bxd4 c5 18.Be3 Rfe8 19.Bf4 Ne5 20.Rb3 Bxf3 21.Bxe5 Bxe5 22.Bxf3 g6
23.Kg2 Kg7 24.Rbd3 Red8 25.Qa4 Rxd3 26.Rxd3 Rd8 27.Bd5 Bd4 28.e3 Be5 29.Qb5 f5
30.Rb3 Rb8 31.h4 h6 32.Rb1 Bf6 33.Bf3 g5 34.h5 g4 35.Bd5 Qd6 36.Qa6 Bd8 37.Qb5 Bc7
38.Qb3 Kf6 39.Qb2+ Qe5 40.Qb3 Qe8 41.a4 Kg5 42.Rh1 Rd8 43.Qd3 Rd7 44.Rh4 Qe5
45.Rxg4+ Kxh5 46.Rg8 Rg7 47.Rxg7  1-0

[Event "Vrbas"]
[Site "Vrbas"]
[Date "1977.??.??"]
[Round "10"]
[White "Radulov, Ivan"]
[Black "Andersson, Ulf"]
[Result "1/2-1/2"]
[WhiteElo "2500"]
[BlackElo "2565"]

1.c4 Nf6 2.Nc3 e6 3.Nf3 b6 4.g3 Bb7 5.Bg2 Be7 6.O-O O-O 7.b3 c5 8.Bb2 d6
9.d4 cxd4 10.Nxd4 Bxg2 11.Kxg2 Qc8 12.Qd2 Nc6 13.Rfd1 Rd8 14.Rac1 Nxd4 15.Qxd4 Qb7+
16.f3 h6 17.e4  1/2-1/2

[Event "IBM"]
[Site "Amsterdam"]
[Date "1978.??.??"]
[Round "2"]
[White "Andersson, Ulf"]
[Black "Ljubojevic, Ljubomir"]
[Result "1/2-1/2"]
[WhiteElo "2545"]
[BlackElo "2605"]

1.Nf3 Nf6 2.c4 c5 3.Nc3 Nc6 4.d4 cxd4 5.Nxd4 e6 6.e3 Be7 7.Be2 O-O 8.O-O d5
9.b3 Nxd4 10.Qxd4 dxc4 11.Qxd8 Rxd8 12.Bxc4 Bd7 13.Bb2 Rac8 14.Rfd1 a6  1/2-1/2

[Event "IBM"]
[Site "Amsterdam"]
[Date "1978.??.??"]
[Round "3"]
[White "Langeweg, Kick"]
[Black "Andersson, Ulf"]
[Result "1/2-1/2"]
[WhiteElo "2450"]
[BlackElo "2545"]

1.Nf3 c5 2.c4 Nf6 3.Nc3 e6 4.e3 Nc6 5.d4 d5 6.cxd5 Nxd5 7.Bd3 g6 8.O-O cxd4
9.exd4 Bg7 10.Bg5 Qa5 11.Qd2 O-O 12.Bh6 Rd8 13.Bxg7 Kxg7 14.Be4 Nce7 15.Qg5 f6
16.Qd2 Bd7 17.Rfe1 Rac8 18.Rac1 Nxc3 19.bxc3 Bc6 20.Qb2 b6 21.c4 Rd7 22.h3 Ng8
23.Re3 Bxe4 24.Rxe4 Qa4 25.Qb3 Qxb3 26.axb3  1/2-1/2

[Event "IBM"]
[Site "Amsterdam"]
[Date "1978.??.??"]
[Round "4"]
[White "Andersson, Ulf"]
[Black "Dzindzichashvili, Roman"]
[Result "1/2-1/2"]
[WhiteElo "2545"]
[BlackElo "2550"]

1.Nf3 c5 2.c4 Nf6 3.d4 cxd4 4.Nxd4 Nc6 5.Nc3 e6 6.e3 d5 7.cxd5 exd5 8.g3 Bb4
9.Bg2 Bxc3+ 10.bxc3 O-O 11.O-O Ne5  1/2-1/2

[Event "IBM"]
[Site "Amsterdam"]
[Date "1978.??.??"]
[Round "6"]
[White "Andersson, Ulf"]
[Black "Romanishin, Oleg M"]
[Result "1/2-1/2"]
[WhiteElo "2545"]
[BlackElo "2610"]

1.Nf3 Nf6 2.c4 e6 3.d4 b6 4.g3 Bb7 5.Bg2 Be7 6.O-O d6 7.Nc3 Ne4 8.Bd2 Nd7
9.d5 Nxd2 10.Qxd2 e5 11.e4 a5 12.h4 O-O 13.Bh3 Nf6 14.Kg2 Nh5 15.Rh1 Bc8
16.Rag1 Bxh3+ 17.Rxh3 Qd7 18.Rhh1 h6 19.Nh2 f5 20.Qe2 Nf6 21.exf5 Qxf5 22.Re1 Rac8
23.Rhf1 c6  1/2-1/2

[Event "IBM"]
[Site "Amsterdam"]
[Date "1978.??.??"]
[Round "7"]
[White "Ree, Hans"]
[Black "Andersson, Ulf"]
[Result "1/2-1/2"]
[WhiteElo "2500"]
[BlackElo "2545"]

1.d4 Nf6 2.c4 e6 3.Nf3 b6 4.g3 Ba6 5.b3 Bb4+ 6.Bd2 Bxd2+ 7.Qxd2 O-O 8.Bg2 c6
9.O-O d5 10.Qb4 Nbd7 11.Nc3 dxc4 12.bxc4 c5 13.dxc5 Nxc5 14.a4 Bb7 15.a5 Nfd7
16.Rfd1 Qc8 17.Nb5 Qb8 18.axb6 axb6 19.Qc3 h6 20.h3 Nf6 21.Nd6 Nce4 22.Nxe4 Bxe4
23.Ne5 Rxa1 24.Rxa1 Bxg2 25.Kxg2 Qc7 26.Qe3 b5 27.cxb5 Qb7+  1/2-1/2

[Event "IBM"]
[Site "Amsterdam"]
[Date "1978.??.??"]
[Round "8"]
[White "Hort, Vlastimil"]
[Black "Andersson, Ulf"]
[Result "1/2-1/2"]
[WhiteElo "2620"]
[BlackElo "2545"]

1.e4 c5 2.Nf3 e6 3.d4 cxd4 4.Nxd4 Nc6 5.Nb5 d6 6.Bf4 e5 7.Be3 Nf6 8.N1c3 a6
9.Na3 b5 10.Nd5 Rb8 11.Nxf6+ Qxf6 12.Bd3 Be7 13.O-O O-O 14.Nb1 Bd8 15.Nc3 Ne7
16.Qd2 h6 17.a4 b4 18.Ne2 a5 19.Bc4 Bc7 20.Rad1 Bb7 21.Ng3 Rbd8 22.f4 d5
23.fxe5 Qxe5 24.Bd4 Qg5 25.Qxg5 hxg5 26.exd5 Bxd5 27.Bb5  1/2-1/2

[Event "IBM"]
[Site "Amsterdam"]
[Date "1978.??.??"]
[Round "9"]
[White "Andersson, Ulf"]
[Black "Pfleger, Helmut"]
[Result "1/2-1/2"]
[WhiteElo "2545"]
[BlackElo "2530"]

1.Nf3 d5 2.d4 Nf6 3.c4 e6 4.Nc3 Be7 5.Bg5 O-O 6.e3 h6 7.Bh4 Ne4 8.Bxe7 Qxe7
9.Rc1 Nxc3 10.Rxc3 c6 11.Bd3 Nd7 12.O-O dxc4 13.Rxc4 e5 14.dxe5 Nxe5 15.Re4 Nxf3+
16.Qxf3 Be6 17.Bc4 Rad8 18.Bxe6 fxe6 19.Qg4 Rf6 20.Rd1 Rd5 21.Rxd5 cxd5 22.Rd4 Qc5
23.Qd1 Rf8 24.h3 Rc8 25.Kh2 Rc6 26.Rg4 Qd6+ 27.Rg3 Qe5 28.Qd2 Rc7 29.Qb4 Kh7
30.Qd2 Qe4 31.Rg4  1/2-1/2

[Event "IBM"]
[Site "Amsterdam"]
[Date "1978.??.??"]
[Round "10"]
[White "Browne, Walter S"]
[Black "Andersson, Ulf"]
[Result "0-1"]
[WhiteElo "2550"]
[BlackElo "2545"]

1.d4 Nf6 2.c4 e6 3.Nf3 b6 4.g3 Ba6 5.b3 Bb4+ 6.Bd2 Bxd2+ 7.Qxd2 c6 8.Nc3 d5
9.Ne5 O-O 10.Bg2 Nfd7 11.Nd3 dxc4 12.Nb4 cxb3 13.Nxc6 Nxc6 14.Bxc6 Rc8 15.Bg2 b2
16.Qxb2 Nf6 17.Ne4 Rc4 18.Rd1 Nd5 19.O-O Qe7 20.Rc1 Qb4 21.Qxb4 Rxb4 22.Nc3 Nxc3
23.Rxc3 Rxd4 24.Ra3 Bxe2 25.Re1 Bc4 26.Rxa7 Rfd8 27.Bf1 g5 28.Bxc4 Rxc4 29.Rb7 Rb4
30.Rc1 Rd5 31.Rc2 h5 32.Kg2 b5 33.Re2 g4 34.h3 Kf8 35.Ra7 Rd1 36.hxg4 hxg4
37.f3 Rd3 38.f4 Rc4 39.Kh2 Rcc3 40.Rg2 Rc5 41.Ra5 Rh5+ 42.Kg1 Rd1+ 43.Kf2 Rhd5
44.Rg1 R5d2+ 45.Ke3 Rd3+ 46.Ke2 R1d2+ 47.Ke1 Rb2 48.f5 exf5  0-1

[Event "IBM"]
[Site "Amsterdam"]
[Date "1978.??.??"]
[Round "12"]
[White "Nikolac, Juraj"]
[Black "Andersson, Ulf"]
[Result "1-0"]
[WhiteElo "2495"]
[BlackElo "2545"]

1.Nf3 Nf6 2.d4 e6 3.c4 b6 4.e3 Bb7 5.Bd3 c5 6.O-O Be7 7.b3 cxd4 8.exd4 d5
9.Bb2 O-O 10.Nbd2 Nc6 11.Rc1 Rc8 12.Qe2 Re8 13.Rfd1 Bf8 14.Nf1 g6 15.Ne3 Bg7
16.Bb1 Rc7 17.a3 Qa8 18.cxd5 Nxd5 19.Nxd5 exd5 20.Qd2 Qb8 21.Re1 Rxe1+ 22.Rxe1 Qd8
23.Bd3 Na5 24.Qd1 Bc8 25.h3 Re7 26.Rxe7 Qxe7 27.Bc1 Bd7 28.Qc2 Qe8 29.Bd2 Nc6
30.Be3 Bf8 31.b4 Bd6 32.Qb3 Ne7 33.b5 Qc8 34.Bg5 Be6 35.Qb2 Kg7 36.Ne1 h6
37.Bd2 Nf5 38.Nf3 Qc7 39.a4 Ne7 40.Bb4 Bxb4 41.Qxb4 Qc1+ 42.Bf1 Nc8 43.Ne5 g5
44.a5 bxa5 45.Qxa5 Nd6 46.Nd3 Qb1 47.Qxa7 Qxb5 48.Nc5 Qe8 49.Qc7 Nf5 50.Qe5+ Kg8
51.Bd3 Nh4 52.Qf6 Bc8 53.Qxh6 Qe1+ 54.Kh2 Qxf2 55.Bh7+ Kh8 56.Be4+ Kg8 57.Bh7+ Kh8
58.Be4+ Kg8 59.Nd3 Qf1 60.Qxg5+ Kf8 61.Qh6+ Ke8 62.Qh8+ Kd7 63.Nc5+ Kc7 64.Qe5+ Kb6
65.Bxd5 Ka5 66.Qc7+ Kb4 67.Qb6+  1-0

[Event "Buenos Aires ol (Men)"]
[Site "Buenos Aires"]
[Date "1978.??.??"]
[Round "?"]
[White "Portisch, Lajos"]
[Black "Andersson, Ulf"]
[Result "1/2-1/2"]
[WhiteElo "2630"]
[BlackElo "2545"]

1.d4 Nf6 2.c4 e6 3.Nc3 Bb4 4.e3 c5 5.Bd3 d5 6.Nf3 O-O 7.O-O dxc4 8.Bxc4 cxd4
9.exd4 b6 10.Bg5 Bb7 11.Re1 Nbd7 12.Bd3 Rc8 13.Rc1 Re8 14.Qe2 Bxc3 15.bxc3 Qc7
16.Bh4 Nh5 17.Qe3 Ndf6 18.Bg3 Nxg3  1/2-1/2

[Event "Buenos Aires ol (Men)"]
[Site "Buenos Aires"]
[Date "1978.??.??"]
[Round "?"]
[White "Huebner, Robert"]
[Black "Andersson, Ulf"]
[Result "1/2-1/2"]
[WhiteElo "2595"]
[BlackElo "2545"]

1.d4 Nf6 2.c4 e6 3.Nf3 b6 4.Bf4 Bb7 5.e3 Bb4+ 6.Nbd2 Be7 7.Bd3 c5 8.O-O O-O
9.e4 cxd4 10.Nxd4 d6 11.Bg3 Nbd7 12.Qe2 a6 13.Rad1 g6 14.h3 Nc5  1/2-1/2

[Event "Buenos Aires ol (Men)"]
[Site "Buenos Aires"]
[Date "1978.??.??"]
[Round "?"]
[White "Donoso Velasco, Pedro H"]
[Black "Andersson, Ulf"]
[Result "0-1"]
[WhiteElo "2405"]
[BlackElo "2545"]

1.e4 c5 2.Nf3 e6 3.d4 cxd4 4.Nxd4 a6 5.Bd3 g6 6.O-O Bg7 7.Nb3 d6 8.Nc3 Nf6
9.f4 O-O 10.Qf3 Qc7 11.Bd2 Nc6 12.Rae1 b5 13.Kh1 Bb7 14.a4 bxa4 15.Nxa4 Rab8
16.Qe2 Ba8 17.e5 Nd5 18.exd6 Qxd6 19.Nac5 a5 20.Ne4 Qc7 21.Bb5 Bxb2 22.c4 Nf6
23.Nec5 Nd4 24.Nxd4 Qxc5 25.Nb3 Qa3 26.Nxa5 Ne4 27.Nc6 Bxc6 28.Bxc6 Nxd2
29.Qxd2 Bc3 30.Qc1 Qb4 31.Re2 Qxc4 32.Bf3 Qb4 33.g3 Bf6 34.Qe3 Rfd8 35.Kg2 Rd7
36.Qe4 Rd4 37.Qc2 Rbd8 38.Rb1 Qa5 39.Rb7 R4d7 40.Rxd7 Rxd7 41.h4 h5 42.Qe4 Kg7
43.Kh3 Rd4 44.Qc2 Qa3 45.Rf2 Rd3 46.Qc6 Rc3 47.Qe4 Re3 48.Qc6 Qd3 49.Kg2 Bd4
50.Rf1 Re2+ 51.Kh1 Rc2  0-1

[Event "Buenos Aires ol (Men)"]
[Site "Buenos Aires"]
[Date "1978.??.??"]
[Round "?"]
[White "Andersson, Ulf"]
[Black "Pomar Salamanca, Arturo"]
[Result "1-0"]
[WhiteElo "2545"]
[BlackElo "2420"]

1.d4 Nf6 2.c4 e6 3.Nf3 b6 4.g3 Bb7 5.Bg2 Be7 6.Nc3 Ne4 7.Bd2 O-O 8.d5 Nxc3
9.Bxc3 Bf6 10.Nd4 c6 11.O-O cxd5 12.cxd5 Bxd5 13.Bxd5 exd5 14.Nb5 Nc6 15.Qxd5 Qe7
16.Rfe1 a6 17.Bxf6 Qxf6 18.Nc3 Qe6 19.Red1 Rfd8 20.Rac1 b5 21.b3 Rac8 22.e3 Ne5
23.Kg2 h5 24.h3 h4 25.g4 Rf8 26.f4 Nc6 27.Kf3 Qf6 28.Qf5 Qe7 29.Qxd7 Qf6
30.Qd6 Qxd6 31.Rxd6 Rfd8 32.Rxd8+ Rxd8 33.Ne4 Nb4 34.a3 Nd3 35.Rc7 f6 36.Ke2 b4
37.a4 a5 38.Rc2 Kf7 39.Rd2 Nc1+ 40.Kd1 Nd3 41.Ke2 Nc1+ 42.Kf3 Rb8 43.Rd1 Na2
44.Rd7+ Kg8 45.Rc7 Rd8 46.Ke2 Re8 47.Nd6 Rd8 48.Nb5 Kh7 49.Rc2 Nc3+ 50.Nxc3 Rc8
51.Kd2 Rd8+ 52.Kc1  1-0

[Event "Buenos Aires ol (Men)"]
[Site "Buenos Aires"]
[Date "1978.??.??"]
[Round "?"]
[White "Andersson, Ulf"]
[Black "Mollekens, Roeland"]
[Result "1-0"]
[WhiteElo "2545"]
[BlackElo "2200"]

1.c4 e5 2.Nc3 f5 3.d4 exd4 4.Qxd4 d6 5.Nf3 Nf6 6.g3 Be7 7.Bg2 O-O 8.O-O Nc6
9.Qd1 Qe8 10.b3 Qh5 11.Bb2 Bd7 12.e3 Rae8 13.Rc1 Bd8 14.c5 dxc5 15.Na4 Bc8
16.Nxc5 b6 17.Nd3 Ne7 18.Nf4 Qh6 19.h4 Ne4 20.Ne5 Nd6 21.Ba3 c5 22.b4 Nb5
23.Qb3+ Kh8 24.Bb2 c4 25.Rxc4 Be6 26.Nxe6 Qxe6 27.Rd1 Nd6 28.Rcd4 Qxe5 29.Rxd6 Qb5
30.a4 Qe2 31.Qc3 Qg4 32.R1d4 Nd5 33.R6xd5 Bf6 34.Rxg4 Bxc3 35.Bxc3 fxg4 36.Rd7 Rg8
37.Bd5  1-0

[Event "Buenos Aires ol (Men)"]
[Site "Buenos Aires"]
[Date "1978.??.??"]
[Round "?"]
[White "Andersson, Ulf"]
[Black "Chi Ching Hsuan"]
[Result "1-0"]
[WhiteElo "2545"]
[BlackElo "2200"]

1.Nf3 g6 2.d4 Bg7 3.e4 d6 4.Be2 Nf6 5.Nc3 O-O 6.O-O Bg4 7.Be3 Nc6 8.Qd2 e5
9.dxe5 dxe5 10.Rad1 Qc8 11.Qc1 Rd8 12.Rxd8+ Qxd8 13.Rd1 Qf8 14.h3 Bxf3 15.Bxf3 Rd8
16.Nb5 Rc8 17.c3 a6 18.Na3 Rd8 19.Rxd8 Qxd8 20.Nc4 Qd3 21.Nd2 Nd7 22.Bd1 Nf8
23.Bc2 Qd7 24.Nf3 Ne6 25.g3 Na5 26.Qd2 Qxd2 27.Nxd2 Kf8 28.b4 Nc6 29.Nc4 Ke7
30.a4 Kd7 31.h4 f6 32.Kf1 Bf8 33.Ke2 Bd6 34.Bd2 Ncd8 35.Nb2 c6 36.Nd3 Nf7
37.f4 Nf8 38.Kf3 Ne6 39.Bb3 Nfd8 40.f5 Nf8 41.Nf2 Ke7 42.Bg8 h5 43.g4 hxg4+
44.Kxg4 Nf7 45.fxg6 Nxg6 46.h5 Ngh8 47.Kf5 Bc7 48.Bxf7 Kxf7 49.Ng4 Bd8 50.Nh6+ Ke7
51.Be3 b6 52.Bf2 Nf7 53.Nxf7 Kxf7 54.h6 b5 55.a5 Be7 56.Bc5 Bd8 57.Bd6  1-0

[Event "Buenos Aires ol (Men)"]
[Site "Buenos Aires"]
[Date "1978.??.??"]
[Round "?"]
[White "Wibe, Terje"]
[Black "Andersson, Ulf"]
[Result "1/2-1/2"]
[WhiteElo "2420"]
[BlackElo "2545"]

1.e4 c5 2.Nf3 e6 3.d4 cxd4 4.Nxd4 a6 5.Bd3 g6 6.O-O Bg7 7.Nf3 d6 8.Nc3 Nf6
9.e5 dxe5 10.Nxe5 O-O 11.Qf3 Nfd7 12.Nxd7 Nxd7 13.Qg3 Nc5 14.Bg5 Qa5 15.Rad1 Re8
16.Qh4 Qc7 17.Rfe1 Bd7 18.Re3 h5 19.Be2 Bc6 20.Rg3 Bxc3 21.Rxc3 Qe5 22.Be3 Ne4  1/2-1/2

[Event "Clarin"]
[Site "Buenos Aires"]
[Date "1978.??.??"]
[Round "2"]
[White "Andersson, Ulf"]
[Black "Garcia Palermo, Carlos"]
[Result "1-0"]
[WhiteElo "2545"]
[BlackElo "2385"]

1.c4 Nf6 2.Nf3 b6 3.g3 Bb7 4.Bg2 e6 5.d4 Be7 6.Nc3 Ne4 7.Bd2 Bf6 8.O-O O-O
9.Rc1 Nxc3 10.Bxc3 Be4 11.Ne1 Bxg2 12.Nxg2 d6 13.e4 Nd7 14.f4 Qc8 15.Ne3 Qb7
16.Qd3 Rae8 17.Ng4 Bd8 18.Rce1 Nf6 19.Nf2 a6 20.b3 Nd7 21.Re2 c6 22.e5 Be7
23.exd6 Bxd6 24.Ne4 Be7 25.f5 exf5 26.Rxf5 g6 27.Rf1 f5 28.Nf2 Nf6 29.Rfe1 Bd8
30.Bb4 Rxe2 31.Qxe2 Rf7 32.Qe6 Kg7 33.Bd6 Qd7 34.Nd3 Ne4 35.Be5+ Bf6 36.Bxf6+ Nxf6
37.Qe5 Rf8 38.Qe7+ Rf7 39.Qe3 Ng4 40.Qf4 Re7 41.Rxe7+ Qxe7 42.h3 Qe2 43.hxg4 Qxd3
44.gxf5 gxf5 45.Kg2 Qe2+ 46.Qf2 Qe4+ 47.Qf3 Qxd4 48.Qxc6 a5 49.Qe6 Qc5 50.Kf3 h6
51.Kg2 Qa3 52.Qxb6 Qxa2+ 53.Kf3 Qd2 54.Qe3 Qd6 55.Ke2 Kg6 56.Qd3 Qe5+ 57.Kf3 h5
58.Qe3 Qf6 59.Qe8+ Kh6 60.c5 Kg5 61.c6 f4 62.Qg8+ Kh6 63.Qc4 fxg3+ 64.Kxg3 Qd8
65.c7 Qc8 66.Kf4 a4 67.Qc6+ Kg7 68.bxa4 Qg4+ 69.Ke5 Qg3+ 70.Kd5 Qf3+ 71.Kc5 Qa3+
72.Kb5 Qb3+ 73.Ka5  1-0

[Event "Clarin"]
[Site "Buenos Aires"]
[Date "1978.??.??"]
[Round "3"]
[White "Szmetan, Jorge"]
[Black "Andersson, Ulf"]
[Result "0-1"]
[WhiteElo "2420"]
[BlackElo "2545"]

1.e4 c5 2.Nf3 a6 3.c3 d5 4.exd5 Qxd5 5.d4 Nf6 6.Be2 e6 7.c4 Qd8 8.Nc3 Nc6
9.Be3 cxd4 10.Nxd4 Bd7 11.O-O Qc7 12.Rc1 Rd8 13.Qb3 Na5 14.Qc2 Bd6 15.h3 Nxc4
16.Bxc4 Qxc4 17.Ne4 Qxc2 18.Nxd6+ Ke7 19.Rxc2 Kxd6 20.Nb3 Bc6 21.Na5 Nd5
22.Bc5+ Kd7 23.Rfc1 f6 24.f3 h5 25.h4 Rb8 26.Bf2 Rhc8 27.Bg3 e5 28.Rd2 Ke6
29.Nb3 Ne7 30.Bf2 Rd8 31.Rdc2 Rd5 32.Bb6 Kf7 33.Nc5 Re8 34.a4 Kg6 35.a5 Kf5
36.Kf2 Kg6 37.b3 Kf7 38.Kg1 Rb8 39.Kf2 Rc8 40.Kg1 Rd6 41.Ne4 Bxe4 42.Rxc8 Nxc8
43.Rxc8 Rd1+ 44.Kh2 Bc6 45.Rc7+ Kg8 46.Rc8+ Kh7 47.Rd8 Rb1 48.Rd3 Rb2 49.Kg1 Kg6
50.Rc3 Kf5 51.Bf2 Ke6 52.Bc5 Bd5 53.b4 Kf5 54.Rd3 Bc6 55.Rc3 Kf4 56.Kh2 g5
57.hxg5 fxg5 58.Rc4+ Kf5 59.Kh3 Bb5 60.Rc1 Kf4 61.Kh2 Be2 62.Kg1 g4 63.fxg4 hxg4
64.Bd6 g3 65.Re1 Kf5 66.Kh1 Rd2 67.Bc7 Rd4 68.Bb6 Rh4+ 69.Kg1 Rxb4  0-1

[Event "Clarin"]
[Site "Buenos Aires"]
[Date "1978.??.??"]
[Round "4"]
[White "Andersson, Ulf"]
[Black "Gheorghiu, Florin"]
[Result "1/2-1/2"]
[WhiteElo "2545"]
[BlackElo "2520"]

1.c4 c5 2.Nc3 g6 3.g3 Bg7 4.Bg2 Nc6 5.e3 e6 6.Nge2 Nge7 7.d4 cxd4 8.Nxd4 d5
9.cxd5 Nxd4 10.exd4 Nxd5 11.Nxd5 exd5 12.Qa4+ Bd7 13.Qb4 Be6 14.Be3 Qe7 15.Qb5+ Qd7
16.a4 Rc8 17.O-O  1/2-1/2

[Event "Clarin"]
[Site "Buenos Aires"]
[Date "1978.??.??"]
[Round "5"]
[White "Vaganian, Rafael A"]
[Black "Andersson, Ulf"]
[Result "1/2-1/2"]
[WhiteElo "2555"]
[BlackElo "2545"]

1.d4 Nf6 2.c4 e6 3.Nf3 b6 4.a3 Bb7 5.Nc3 Ne4 6.Nxe4 Bxe4 7.Bf4 c5 8.d5 exd5
9.cxd5 Be7 10.e3 Bf6 11.Ra2 Qe7 12.Bc4 O-O 13.Nd2 Bg6 14.d6 Qe8 15.O-O Nc6
16.e4 Kh8 17.Bd5 Rc8 18.Re1 Bd4 19.h3 f6 20.Nf3 Be5 21.Qd2 Bxf4 22.Qxf4 Ne5
23.Re3 Bf7 24.Ra1 Ng6 25.Qg4 Bxd5 26.exd5 Qf7 27.Qf5 Rce8 28.Rae1 Kg8 29.Re4 Rxe4
30.Qxe4 Rd8 31.h4 h5 32.b4 Rc8 33.Rc1 Re8 34.Qf5 cxb4 35.axb4 a5 36.bxa5 bxa5
37.Qxh5 a4 38.Qg4 Ra8 39.h5 Ne5 40.Nxe5 fxe5 41.h6  1/2-1/2

[Event "Clarin"]
[Site "Buenos Aires"]
[Date "1978.??.??"]
[Round "6"]
[White "Keene, Raymond D"]
[Black "Andersson, Ulf"]
[Result "1/2-1/2"]
[WhiteElo "2480"]
[BlackElo "2545"]

1.c4 c5 2.Nf3 Nf6 3.Nc3 e6 4.g3 b6 5.Bg2 Bb7 6.O-O Nc6 7.b3 Be7 8.Bb2 O-O
9.e3 Rc8 10.Qe2 d5 11.d3 Rc7 12.Rfd1 dxc4 13.dxc4 Qb8 14.Ng5  1/2-1/2

[Event "Clarin"]
[Site "Buenos Aires"]
[Date "1978.??.??"]
[Round "7"]
[White "Andersson, Ulf"]
[Black "Dzindzichashvili, Roman"]
[Result "1/2-1/2"]
[WhiteElo "2545"]
[BlackElo "2550"]

1.c4 e5 2.Nc3 d6 3.g3 g6 4.Bg2 Bg7 5.e3 Nf6 6.Nge2 O-O 7.O-O c6 8.d4 Nbd7
9.b3 Re8 10.Ba3 exd4 11.Nxd4 Nc5 12.Qc2 a5 13.Rad1 Qe7 14.h3 h5 15.Rfe1 a4
16.Bb2 axb3 17.axb3 Nfe4 18.Nxe4 Nxe4 19.Ra1 Rxa1 20.Bxa1 c5 21.Nb5  1/2-1/2

[Event "Clarin"]
[Site "Buenos Aires"]
[Date "1978.??.??"]
[Round "8"]
[White "Torre, Eugenio"]
[Black "Andersson, Ulf"]
[Result "0-1"]
[WhiteElo "2490"]
[BlackElo "2545"]

1.e4 c5 2.Nf3 d6 3.c3 Nf6 4.Be2 g6 5.O-O Bg7 6.Re1 O-O 7.Bf1 Nc6 8.h3 e5
9.d3 h6 10.a3 Bd7 11.b4 cxb4 12.axb4 b5 13.Na3 Qb8 14.Nc2 d5 15.Nd2 a5 16.bxa5 Nxa5
17.Nb4 Be6 18.Bb2 dxe4 19.dxe4 Qb7 20.Qe2 Rfd8 21.Qe3 Ne8 22.Nd3 Qc6 23.Nb4 Qb7
24.Nd3 Qc6 25.Nb4 Qd7 26.Red1 Nd6 27.Qb6 Rdb8 28.Qe3 Qb7 29.Rdb1 Bf8 30.Bc1 Rc8
31.Nd3 Nac4 32.Nxc4 Nxc4 33.Qe1 Rxa1 34.Rxa1 Kh7 35.Rb1 Ra8 36.Qe2 Qd7 37.Be3 Qc6
38.Bc1 Be7 39.g3 h5 40.Nb4 Qd7 41.h4 Rd8 42.Qe1 Kg7 43.Nc2 Qc6 44.Bg2 Bc5
45.Nb4 Qd7 46.Bf1 Ra8 47.Bg5 f6 48.Rd1 Qb7 49.Bc1 Kf7 50.Nd3 Bb6 51.Nb4 Bc5
52.Bh6 Rh8 53.Bc1 Rc8 54.Nd5 Nd6 55.Bg2 Nc4 56.Bf1 Nd6 57.Bg2 Bg4 58.Rd3 Nc4
59.Bf3 Be6 60.Qe2 Ra8 61.Rd1 Ra1 62.Bh6 Qa7 63.Rxa1 Qxa1+ 64.Kg2 Bxd5 65.exd5 Qxc3
66.d6 Qd4 67.Bc6 Nxd6 68.Qa2+ Ke7 69.Qg8 Qxf2+ 70.Kh3 Qf5+ 71.Kh2 Qc8 72.Qg7+ Ke6
73.Bg2 Qe8 74.Qc7 Bd4 75.Bd2 Qd7 76.Bd5+ Ke7 77.Qc2 Nc8 78.Bb4+ Kd8 79.Bc6 Qg4
80.Ba5+ Bb6 81.Bxb6+ Nxb6 82.Bxb5 Qd4 83.Qc6 Qd2+ 84.Kg1 Nd7 85.Qa8+ Ke7
86.Qa3+ Qd6 87.Qb3 Nc5 88.Qa2 Qb6 89.Bc4 Ne4+  0-1

[Event "Clarin"]
[Site "Buenos Aires"]
[Date "1978.??.??"]
[Round "11"]
[White "Andersson, Ulf"]
[Black "Panno, Oscar"]
[Result "1/2-1/2"]
[WhiteElo "2545"]
[BlackElo "2580"]

1.c4 g6 2.Nc3 Bg7 3.g3 Nf6 4.Bg2 O-O 5.d3 e6 6.Nf3 d5 7.d4 dxc4 8.Qa4 Nd5
9.Qxc4 Nb6 10.Qd3 Nc6 11.Bg5 f6 12.Be3 Nd5 13.Rc1 Ncb4 14.Qd2 Nxe3 15.Qxe3 Nd5
16.Qd3 c6 17.O-O  1/2-1/2

[Event "Clarin"]
[Site "Buenos Aires"]
[Date "1978.??.??"]
[Round "12"]
[White "Qi Jingxuan"]
[Black "Andersson, Ulf"]
[Result "0-1"]
[WhiteElo "2200"]
[BlackElo "2545"]

1.e4 c5 2.Nf3 d6 3.d4 cxd4 4.Nxd4 Nf6 5.Nc3 e6 6.g4 h6 7.g5 hxg5 8.Bxg5 Nc6
9.Qd2 Qb6 10.Nb3 a6 11.O-O-O Bd7 12.h4 Be7 13.Be2 Qc7 14.f4 O-O-O 15.Kb1 Kb8
16.Bf3 Bc8 17.Qe2 Ng8 18.Bxe7 Ngxe7 19.h5 g6 20.a3 gxh5 21.Rxh5 Rxh5 22.Bxh5 f5
23.Qd2 fxe4 24.Nxe4 e5 25.Ng5 Nf5 26.Bg4 a5 27.Ne4 a4 28.Nc1 d5 29.Nf6 exf4
30.Bxf5 Bxf5 31.Rf1 Nd4 32.Nd3 f3 33.Qc3 Qb6 34.Nb4 Qxf6  0-1

[Event "Dortmund"]
[Site "Dortmund"]
[Date "1978.??.??"]
[Round "1"]
[White "Andersson, Ulf"]
[Black "Borngaesser, Rene"]
[Result "1-0"]
[WhiteElo "2545"]
[BlackElo "2370"]

1.Nf3 f5 2.c4 Nf6 3.g3 g6 4.Bg2 Bg7 5.Nc3 d6 6.d4 O-O 7.O-O c6 8.d5 e5 9.dxe6 Bxe6
10.b3 Na6 11.Bf4 Ne8 12.Qd2 Kh8 13.Rac1 Qa5 14.Rfd1 Rd8 15.Bh6 Nf6 16.Bxg7+ Kxg7
17.Qb2 Kg8 18.a3 Ng4 19.h3 Ne5 20.Nd4 Rfe8 21.f4 Nf7 22.e4 Qb6 23.Kh2 Nc5
24.Qc2 fxe4 25.Bxe4 Kg7 26.Bg2 Bc8 27.b4 Ne6 28.Nf3 Nf8 29.Ne4 Nd7 30.Nxd6 Nxd6
31.Rxd6 Nf6 32.Rcd1 Rxd6 33.Rxd6 Qe3 34.Qb2 Re6 35.Rd8 Re8 36.Rd6 Re6 37.Rd8 Re8
38.Rxe8 Qxe8 39.Ne5 Qd8 40.Qc3 Qd1 41.g4  1-0

[Event "Dortmund"]
[Site "Dortmund"]
[Date "1978.??.??"]
[Round "4"]
[White "Andersson, Ulf"]
[Black "Farago, Ivan"]
[Result "1/2-1/2"]
[WhiteElo "2545"]
[BlackElo "2510"]

1.c4 Nf6 2.Nf3 e6 3.d4 d5 4.cxd5 exd5 5.Nc3 c6 6.Bg5 Be7 7.Qc2 g6 8.e3 Bf5
9.Bd3 Bxd3 10.Qxd3 Nbd7 11.Rb1 a5 12.Bh6 Bf8 13.Bxf8 Kxf8 14.O-O Kg7 15.Qc2 Qe7
16.a3 Rhc8 17.Rfc1 Ne8 18.b4 Nd6 19.Qb3 Nc4 20.a4 axb4 21.Qxb4 Qxb4 22.Rxb4 b6
23.e4 c5 24.dxc5 Nxc5 25.Ne1 dxe4 26.Nd5 Rd8 27.Nxb6 Nxb6 28.Rxc5 Rxa4 29.Rxa4 Nxa4
30.Rc4  1/2-1/2

[Event "Dortmund"]
[Site "Dortmund"]
[Date "1978.??.??"]
[Round "6"]
[White "Andersson, Ulf"]
[Black "Tatai, Stefano"]
[Result "1-0"]
[WhiteElo "2545"]
[BlackElo "2455"]

1.Nf3 f5 2.g3 Nf6 3.Bg2 g6 4.c4 Bg7 5.Nc3 O-O 6.d4 d6 7.d5 c6 8.O-O e5 9.dxe6 Bxe6
10.Qd3 Na6 11.Bf4 d5 12.Ng5 Nc5 13.Qc2 d4 14.Na4 Nfd7 15.Rad1 h6 16.Nxc5 Nxc5
17.Nf3 g5 18.Nxd4 Bxd4 19.Be3 Bxe3 20.Rxd8 Bxf2+ 21.Rxf2 Raxd8 22.h4 gxh4
23.gxh4 Rd4 24.Bf3 Kh7 25.Rg2 Ne4 26.Qb3 Rf7 27.Qe3 c5 28.b3 Bd7 29.Bxe4 fxe4
30.Qg3  1-0

[Event "Dortmund"]
[Site "Dortmund"]
[Date "1978.??.??"]
[Round "7"]
[White "Keene, Raymond D"]
[Black "Andersson, Ulf"]
[Result "1/2-1/2"]
[WhiteElo "2480"]
[BlackElo "2545"]

1.d4 Nf6 2.c4 e6 3.Nf3 b6 4.g3 Bb7 5.Bg2 Be7 6.O-O O-O 7.Nc3 Ne4 8.Qc2 Nxc3
9.Qxc3 c5 10.Rd1 cxd4 11.Nxd4 Qc8 12.Bxb7 Qxb7 13.Qf3  1/2-1/2